Normal view
MARC view
- Abanto, D. P.
Entry Personal Name
001 - CONTROL NUMBER
- control field: 57715
003 - CONTROL NUMBER IDENTIFIER
- control field: OSt
005 - DATE AND TIME OF LATEST TRANSACTION
- control field: 20250910103342.0
008 - FIXED-LENGTH DATA ELEMENTS
- fixed length control field: 240814|| aca||aabn | a|a d
040 ## - CATALOGING SOURCE
- Original cataloging agency: OSt
- Transcribing agency: OSt
100 ## - HEADING--PERSONAL NAME
- Personal name: Abanto, D. P.
- Relator term: author
670 ## - SOURCE DATA FOUND
- Source citation: Work cat.: (OSt): Abanto, D.P. author, Escobar type theorems for elliptic fully nonlinear degerenate equations / , October 2019.
